MARC details
| 000 -LEADER |
| fixed length control field |
04588nam a22007575i 4500 |
| 005 - DATE AND TIME OF LATEST TRANSACTION |
| control field |
20230718140241.0 |
| 006 - FIXED-LENGTH DATA ELEMENTS--ADDITIONAL MATERIAL CHARACTERISTICS |
| fixed length control field |
m|||||o||d|||||||| |
| 007 - PHYSICAL DESCRIPTION FIXED FIELD--GENERAL INFORMATION |
| fixed length control field |
cr || |||||||| |
| 008 - FIXED-LENGTH DATA ELEMENTS--GENERAL INFORMATION |
| fixed length control field |
221201t20152009gw fo d z ger d |
| 019 ## - |
| -- |
(OCoLC)1013950016 |
| 020 ## - INTERNATIONAL STANDARD BOOK NUMBER |
| International Standard Book Number |
9783839409985 |
| 040 ## - CATALOGING SOURCE |
| Original cataloging agency |
DE-B1597 |
| Language of cataloging |
eng |
| Transcribing agency |
DE-B1597 |
| Description conventions |
rda |
| 041 0# - LANGUAGE CODE |
| Language code of text/sound track or separate title |
ger |
| 050 #4 - LIBRARY OF CONGRESS CALL NUMBER |
| Classification number |
MT146 |
| Item number |
.S756 2009 |
| 082 04 - DEWEY DECIMAL CLASSIFICATION NUMBER |
| Classification number |
782.421649 |
| Edition number |
23 |
| 245 04 - TITLE STATEMENT |
| Title |
Die Stimme im HipHop : |
| Remainder of title |
Untersuchungen eines intermedialen Phänomens / |
| Statement of responsibility, etc. |
hrsg. von Fernand Hörner, Oliver Kautny. |
| 250 ## - EDITION STATEMENT |
| Edition statement |
1. Aufl. |
| 264 #1 - PRODUCTION, PUBLICATION, DISTRIBUTION, MANUFACTURE, AND COPYRIGHT NOTICE |
| Place of production, publication, distribution, manufacture |
Bielefeld : |
| Name of producer, publisher, distributor, manufacturer |
transcript Verlag, |
| Date of production, publication, distribution, manufacture, or copyright notice |
[2015] |
| 264 #4 - PRODUCTION, PUBLICATION, DISTRIBUTION, MANUFACTURE, AND COPYRIGHT NOTICE |
| Date of production, publication, distribution, manufacture, or copyright notice |
©2009 |
| 300 ## - PHYSICAL DESCRIPTION |
| Extent |
1 online resource (204 p.) |
| 336 ## - CONTENT TYPE |
| Content type term |
text |
| Content type code |
txt |
| Source |
rdacontent |
| 337 ## - MEDIA TYPE |
| Media type term |
computer |
| Media type code |
c |
| Source |
rdamedia |
| 338 ## - CARRIER TYPE |
| Carrier type term |
online resource |
| Carrier type code |
cr |
| Source |
rdacarrier |
| 347 ## - DIGITAL FILE CHARACTERISTICS |
| File type |
text file |
| Encoding format |
PDF |
| Source |
rda |
| 490 0# - SERIES STATEMENT |
| Series statement |
Studien zur Popularmusik |
| 505 00 - FORMATTED CONTENTS NOTE |
| Title |
Frontmatter -- |
| -- |
INHALT -- |
| -- |
MOSTLY THA VOICE! ZUR EINLEITUNG -- |
| -- |
MACHTVOLLE KONSTRUKTIONEN: STIMME UND AUTORITÄT IM HIPHOP -- |
| -- |
BLACK DANDY UND BAD NIGGA: ZUR GESCHICHTE ZWEIER VOKALER NARRATIVE IM RAP -- |
| -- |
BARFUSSÄSTHETIK EINER AFRIKANISCHEN DIASPORA: DAS KÖRNIGE DER STIMME K'NAANS -- |
| -- |
JE SUIS AUTHENTIQUE. DIE ROLLE DER STIMME FÜR DIE BEHAUPTUNG VON AUTHENTIZITÄT -- |
| -- |
HIPHOP-SKITS - GRUNDLEGENDE BETRACHTUNGEN ZU EINER RANDERSCHEINUNG -- |
| -- |
RIDIN' THE BEAT. ANNÄHERUNGEN AN DAS PHÄNOMEN FLOW -- |
| -- |
MOSTLY THA VOICE? ZUM VERHÄLTNIS VON BEAT, SOUND UND STIMME IM HIPHOP -- |
| -- |
ABSTRACTS -- |
| -- |
ZU DEN AUTORINNEN UND AUTOREN -- |
| -- |
Backmatter |
| 506 0# - RESTRICTIONS ON ACCESS NOTE |
| Standardized terminology for access restriction |
unrestricted online access |
| Source of term |
star |
| 520 ## - SUMMARY, ETC. |
| Summary, etc. |
In diesem Buch widmet sich die HipHop-Forschung erstmals eingehend dem intermedialen Phänomen der Rap-Stimme, in der sich verschiedene Medien kreuzen: Sound, Text und visuelle Inszenierungen. Aus unterschiedlichen wissenschaftlichen Perspektiven werden Stimmen US-amerikanischer, afrikanischer, französischer und deutscher Rapperinnen und Rapper untersucht.Musikwissenschaftliche Ansätze, die den konkreten Klang der Stimme in den Vordergrund stellen, werden kombiniert mit kulturwissenschaftlichen Fragestellungen nach der abstrakten Seite der Stimme, um die Zusammenhänge zwischen Rap-Stimmen und kulturellen Konzepten wie Macht, Autorität oder Selbstbehauptung zu analysieren. |
| 538 ## - SYSTEM DETAILS NOTE |
| System details note |
Mode of access: Internet via World Wide Web. |
| 540 ## - TERMS GOVERNING USE AND REPRODUCTION NOTE |
| Terms governing use and reproduction |
This eBook is made available Open Access under a CC BY-NC-ND 4.0 license: |
| Uniform Resource Identifier |
<a href="https://creativecommons.org/licenses/by-nc-nd/4.0 ">https://creativecommons.org/licenses/by-nc-nd/4.0 </a> |
| -- |
<a href="https://www.degruyter.com/dg/page/open-access-policy">https://www.degruyter.com/dg/page/open-access-policy</a> |
| 546 ## - LANGUAGE NOTE |
| Language note |
In German. |
| 588 0# - SOURCE OF DESCRIPTION NOTE |
| Source of description note |
Description based on online resource; title from PDF title page (publisher's Web site, viewed 01. Dez 2022) |
| 650 #0 - SUBJECT ADDED ENTRY--TOPICAL TERM |
| Topical term or geographic name entry element |
Hip-hop |
| General subdivision |
Analysis, appreciation. |
| 650 #0 - SUBJECT ADDED ENTRY--TOPICAL TERM |
| Topical term or geographic name entry element |
Rap (Music) |
| General subdivision |
Analysis, appreciation. |
| 650 #4 - SUBJECT ADDED ENTRY--TOPICAL TERM |
| Topical term or geographic name entry element |
Beats. |
| 650 #4 - SUBJECT ADDED ENTRY--TOPICAL TERM |
| Topical term or geographic name entry element |
Flow. |
| 650 #4 - SUBJECT ADDED ENTRY--TOPICAL TERM |
| Topical term or geographic name entry element |
Klang. |
| 650 #4 - SUBJECT ADDED ENTRY--TOPICAL TERM |
| Topical term or geographic name entry element |
Musik. |
| 650 #4 - SUBJECT ADDED ENTRY--TOPICAL TERM |
| Topical term or geographic name entry element |
Musikvideo. |
| 650 #4 - SUBJECT ADDED ENTRY--TOPICAL TERM |
| Topical term or geographic name entry element |
Musikwissenschaft. |
| 650 #4 - SUBJECT ADDED ENTRY--TOPICAL TERM |
| Topical term or geographic name entry element |
Popkultur. |
| 650 #4 - SUBJECT ADDED ENTRY--TOPICAL TERM |
| Topical term or geographic name entry element |
Popmusik. |
| 650 #4 - SUBJECT ADDED ENTRY--TOPICAL TERM |
| Topical term or geographic name entry element |
Stimme. |
| 650 #4 - SUBJECT ADDED ENTRY--TOPICAL TERM |
| Topical term or geographic name entry element |
Ästhetik. |
| 650 #7 - SUBJECT ADDED ENTRY--TOPICAL TERM |
| Topical term or geographic name entry element |
MUSIC / History & Criticism. |
| Source of heading or term |
bisacsh |
| 653 ## - INDEX TERM--UNCONTROLLED |
| Uncontrolled term |
Music. |
| 653 ## - INDEX TERM--UNCONTROLLED |
| Uncontrolled term |
Musicology. |
| 653 ## - INDEX TERM--UNCONTROLLED |
| Uncontrolled term |
Pop Music. |
| 653 ## - INDEX TERM--UNCONTROLLED |
| Uncontrolled term |
Popular Culture. |
| 653 ## - INDEX TERM--UNCONTROLLED |
| Uncontrolled term |
Sound. |
| 700 1# - ADDED ENTRY--PERSONAL NAME |
| Personal name |
Bielefeldt, Christian, |
| Relator term |
contributor. |
| Relator code |
ctb |
| -- |
https://id.loc.gov/vocabulary/relators/ctb |
| 700 1# - ADDED ENTRY--PERSONAL NAME |
| Personal name |
Elflein, Dietmar, |
| Relator term |
contributor. |
| Relator code |
ctb |
| -- |
https://id.loc.gov/vocabulary/relators/ctb |
| 700 1# - ADDED ENTRY--PERSONAL NAME |
| Personal name |
Forman, Murray, |
| Relator term |
contributor. |
| Relator code |
ctb |
| -- |
https://id.loc.gov/vocabulary/relators/ctb |
| 700 1# - ADDED ENTRY--PERSONAL NAME |
| Personal name |
Hörner, Fernand, |
| Relator term |
contributor. |
| Relator code |
ctb |
| -- |
https://id.loc.gov/vocabulary/relators/ctb |
| 700 1# - ADDED ENTRY--PERSONAL NAME |
| Personal name |
Hörner, Fernand, |
| Relator term |
editor. |
| Relator code |
edt |
| -- |
http://id.loc.gov/vocabulary/relators/edt |
| 700 1# - ADDED ENTRY--PERSONAL NAME |
| Personal name |
Ismaiel-Wendt, Johannes, |
| Relator term |
contributor. |
| Relator code |
ctb |
| -- |
https://id.loc.gov/vocabulary/relators/ctb |
| 700 1# - ADDED ENTRY--PERSONAL NAME |
| Personal name |
Kautny, Oliver, |
| Relator term |
contributor. |
| Relator code |
ctb |
| -- |
https://id.loc.gov/vocabulary/relators/ctb |
| 700 1# - ADDED ENTRY--PERSONAL NAME |
| Personal name |
Kautny, Oliver, |
| Relator term |
editor. |
| Relator code |
edt |
| -- |
http://id.loc.gov/vocabulary/relators/edt |
| 700 1# - ADDED ENTRY--PERSONAL NAME |
| Personal name |
Neumann, Stefan, |
| Relator term |
contributor. |
| Relator code |
ctb |
| -- |
https://id.loc.gov/vocabulary/relators/ctb |
| 700 1# - ADDED ENTRY--PERSONAL NAME |
| Personal name |
Stemmler, Susanne, |
| Relator term |
contributor. |
| Relator code |
ctb |
| -- |
https://id.loc.gov/vocabulary/relators/ctb |
| 776 0# - ADDITIONAL PHYSICAL FORM ENTRY |
| Qualifying information |
print |
| International Standard Book Number |
9783899429985 |
| 856 40 - ELECTRONIC LOCATION AND ACCESS |
| Uniform Resource Identifier |
<a href="https://doi.org/10.1515/9783839409985?locatt=mode:legacy">https://doi.org/10.1515/9783839409985?locatt=mode:legacy</a> |
| Public note |
Open Access |
| -- |
0 |
| 856 40 - ELECTRONIC LOCATION AND ACCESS |
| Uniform Resource Identifier |
<a href="https://www.degruyter.com/isbn/9783839409985">https://www.degruyter.com/isbn/9783839409985</a> |
| Public note |
Open Access |
| -- |
0 |
| 856 42 - ELECTRONIC LOCATION AND ACCESS |
| Materials specified |
Cover |
| Uniform Resource Identifier |
<a href="https://www.degruyter.com/document/cover/isbn/9783839409985/original">https://www.degruyter.com/document/cover/isbn/9783839409985/original</a> |
| 942 ## - ADDED ENTRY ELEMENTS (KOHA) |
| Koha item type |
E-Book |